[Event "EYCC Open-U14 2019"]
[Site "Bratislava"]
[Date "2019.08.10"]
[Round "9.43"]
[White "Jares, Michal"]
[Black "Sinitsyn, Anton"]
[Result "1-0"]
[WhiteElo "1974"]
[BlackElo "1847"]
[Annotator "NA RC"]
[PlyCount "151"]
[EventDate "2019.08.02"]
[EventType "swiss"]
[EventCountry "SVK"]
[SourceTitle "playchess.com"]
[Source "ChessBase"]
[SourceQuality "1"]
[TimeControl "40/5400+30:1800+30"]

1. d4 {[%emt 0:00:00]} d5 {[%emt 0:00:00]} 2. Nf3 {[%emt 0:00:00]} Nf6 {[%emt 0:00:00]} 3. g3 {[%emt 0:00:00]} c6 {[%emt 0:00:02]} 4. Bg2 {[%emt 0:00:00]} Bf5 {[%emt 0:00:38]} 5. O-O {[%emt 0:00:15]} e6 {[%emt 0:00:23]} 6. c4 {[%emt 0:00:15]} Nbd7 {[%emt 0:00:27]} 7. Qb3 {[%emt 0:01:31]} Qb6 {[%emt 0:00:10]} 8. c5 {[%emt 0:00:24]} Qxb3 {[%emt 0:00:26]} 9. axb3 {[%emt 0:00:02]} a6 {[%emt 0:01:35]} 10. b4 {[%emt 0:01:30]} h6 {[%emt 0:02:36]} 11. Nc3 {[%emt 0:03:18]} Rc8 {[%emt 0:03:07]} 12. h4 {[%emt 0:02:25]} Be7 {[%emt 0:01:07]} 13. Bf4 {[%emt 0:02:29]} O-O {[%emt 0:01:20]} 14. Nd2 {[%emt 0:05:19]} Rfd8 {[%emt 0:03:10]} 15. Nb3 {[%emt 0:10:04]} Nf8 {[%emt 0:02:08]} 16. Na4 {[%emt 0:04:39]} Ng6 {[%emt 0:07:49]} 17. Nb6 {[%emt 0:01:11]} Nxf4 {[%emt 0:00:24]} 18. Nxc8 {[%emt 0:00:03]} Nxe2+ {[%emt 0:00:18]} 19. Kh1 {[%emt 0:01:07]} Rxc8 {[%emt 0:00:16]} 20. Rfe1 {[%emt 0:07:12]} Bc2 {[%emt 0:04:32]} 21. Rxe2 {[%emt 0:01:47]} Bxb3 {[%emt 0:00:07]} 22. Bh3 {[%emt 0:07:08]} Bc4 {[%emt 0:00:35]} 23. Rxe6 {[%emt 0:01:15]} fxe6 {[%emt 0:00:23]} 24. Bxe6+ {[%emt 0:00:03]} Kf8 {[%emt 0:00:06]} 25. Bxc8 {[%emt 0:00:10]} Ne4 {[%emt 0:00:09]} 26. Kg1 {[%emt 0:01:21]} Bf6 {[%emt 0:01:49]} 27. Bxb7 {[%emt 0:04:19]} Bxd4 {[%emt 0:00:33]} 28. Bxa6 {[%emt 0:03:36]} Bxb2 {[%emt 0:04:56]} 29. Ra5 {[%emt 0:10:30]} Bxa6 {[%emt 0:03:54]} 30. Rxa6 {[%emt 0:00:02]} Bd4 {[%emt 0:00:25]} 31. Rxc6 {[%emt 0:02:11]} Bxf2+ {[%emt 0:00:27]} 32. Kg2 {[%emt 0:03:34]} Bxg3 {[%emt 0:00:26]} 33. b5 {[%emt 0:03:25]} Ke7 {[%emt 0:01:44]} 34. b6 {[%emt 0:07:00]} Kd7 {[%emt 0:16:01]} 35. Rg6 {[%emt 0:00:29]} Kc8 {[%emt 0:07:04]} 36. c6 {[%emt 0:06:22]} Bc7 {[%emt 0:03:32]} 37. bxc7 {[%emt 0:03:43]} Kxc7 {[%emt 0:00:11]} 38. Rxg7+ {[%emt 0:00:32]} Kxc6 {[%emt 0:00:09]} 39. Rg6+ {[%emt 0:00:35]} Kd7 {[%emt 0:00:08]} 40. Rxh6 {[%emt 0:00:00]} Ke7 {[%emt 0:00:00]} 41. Kf3 {[%emt 0:01:30]} Kf7 {[%emt 0:00:09]} 42. Ra6 {[%emt 0:00:59]} Kg7 {[%emt 0:00:10]} 43. Kf4 {[%emt 0:01:15]} Kh7 {[%emt 0:00:23]} 44. Ke5 {[%emt 0:01:13]} Ng3 {[%emt 0:00:15]} 45. Kxd5 {[%emt 0:01:17]} Nf5 {[%emt 0:00:13]} 46. Ra4 {[%emt 0:01:00]} Kg6 {[%emt 0:00:06]} 47. Ke5 {[%emt 0:01:07]} Ng7 {[%emt 0:00:12]} 48. Rg4+ {[%emt 0:01:04]} Kh6 {[%emt 0:00:19]} 49. Kf6 {[%emt 0:01:07]} Ne8+ {[%emt 0:00:06]} 50. Kf7 {[%emt 0:01:02]} Nd6+ {[%emt 0:00:29]} 51. Ke6 {[%emt 0:00:44]} Kh5 {[%emt 0:00:40]} 52. Rg8 {[%emt 0:01:42]} Ne4 {[%emt 0:00:23]} 53. Kf5 {[%emt 0:01:23]} Nd6+ {[%emt 0:00:18]} 54. Kf4 {[%emt 0:00:37]} Nf7 {[%emt 0:00:17]} 55. Kg3 {[%emt 0:01:07]} Nd6 {[%emt 0:00:41]} 56. Rg5+ {[%emt 0:00:31]} Kh6 {[%emt 0:00:12]} 57. Ra5 {[%emt 0:00:47]} Nf7 {[%emt 0:00:20]} 58. Kg4 {[%emt 0:00:43]} Nh8 {[%emt 0:00:31]} 59. h5 {[%emt 0:00:53]} Nf7 {[%emt 0:00:10]} 60. Ra6+ {[%emt 0:01:01]} Kh7 {[%emt 0:00:10]} 61. Ra7 {[%emt 0:01:09]} Kg8 {[%emt 0:00:11]} 62. Kf5 {[%emt 0:00:54]} Kg7 {[%emt 0:00:58]} 63. h6+ {[%emt 0:00:55]} Kg8 {[%emt 0:00:23]} 64. h7+ {[%emt 0:00:28]} Kh8 {[%emt 0:00:11]} 65. Kf6 {[%emt 0:01:49]} Nd6 {[%emt 0:00:46]} 66. Kg6 {[%emt 0:04:26]} Nc8 {[%emt 0:00:21]} 67. Rb7 {[%emt 0:01:41]} Ne7+ {[%emt 0:00:19]} 68. Kg5 {[%emt 0:01:26]} Nc6 {[%emt 0:01:58]} 69. Rc7 {[%emt 0:03:25]} Ne7 {[%emt 0:00:16]} 70. Rc5 {[%emt 0:02:24]} Kg7 {[%emt 0:00:30]} 71. h8=Q+ {[%emt 0:01:25]} Kxh8 {[%emt 0:00:14]} 72. Rc7 {[%emt 0:01:44]} Nd5 {[%emt 0:01:24]} 73. Rc5 {[%emt 0:03:31]} Ne7 {[%emt 0:01:00]} 74. Kf6 {[%emt 0:01:14]} Ng8+ {[%emt 0:00:14]} 75. Kg6 {[%emt 0:00:52]} Ne7+ {[%emt 0:00:16]} 76. Kf7 {[%emt 0:00:20]} 1-0

[Event "EYCC Open-U14 2019"]
[Site "Bratislava"]
[Date "2019.08.10"]
[Round "9.44"]
[White "Titze, Leo"]
[Black "Putar, Leon"]
[Result "1-0"]
[WhiteElo "1919"]
[BlackElo "1742"]
[Annotator "NA RC"]
[PlyCount "93"]
[EventDate "2019.08.02"]
[EventType "swiss"]
[EventCountry "SVK"]
[SourceTitle "playchess.com"]
[Source "ChessBase"]
[SourceQuality "1"]
[TimeControl "40/5400+30:1800+30"]

1. d4 {[%emt 0:00:00]} Nf6 {[%emt 0:00:00]} 2. Bg5 {[%emt 0:00:00]} c5 {[%emt 0:00:11]} 3. d5 {[%emt 0:00:20]} Ne4 {[%emt 0:01:06]} 4. Bf4 {[%emt 0:00:12]} Qb6 {[%emt 0:00:23]} 5. Bc1 {[%emt 0:00:17]} g6 {[%emt 0:00:43]} 6. f3 {[%emt 0:00:16]} Nf6 {[%emt 0:00:19]} 7. e4 {[%emt 0:00:21]} d6 {[%emt 0:00:58]} 8. Nd2 {[%emt 0:00:20]} Bg7 {[%emt 0:01:18]} 9. Nc4 {[%emt 0:01:12]} Qc7 {[%emt 0:01:02]} 10. a4 {[%emt 0:00:52]} O-O {[%emt 0:01:19]} 11. Ne2 {[%emt 0:01:18]} Rd8 {[%emt 0:03:03]} 12. Nc3 {[%emt 0:00:35]} Bd7 {[%emt 0:02:07]} 13. Be2 {[%emt 0:01:07]} Be8 {[%emt 0:01:59]} 14. O-O {[%emt 0:03:18]} Nbd7 {[%emt 0:09:00]} 15. f4 {[%emt 0:20:51]} Nb6 {[%emt 0:05:09]} 16. Ne3 {[%emt 0:09:41]} e6 {[%emt 0:06:28]} 17. a5 {[%emt 0:02:15]} Nc8 {[%emt 0:00:36]} 18. g4 {[%emt 0:01:44]} exd5 {[%emt 0:10:17]} 19. g5 {[%emt 0:01:37]} Nh5 {[%emt 0:06:46]} 20. Nexd5 {[%emt 0:01:25]} Qd7 {[%emt 0:00:40]} 21. Bg4 {[%emt 0:00:37]} Bd4+ {[%emt 0:01:34]} 22. Kh1 {[%emt 0:01:07]} f5 {[%emt 0:04:37]} 23. gxf6 {[%emt 0:06:44]} Qf7 {[%emt 0:00:45]} 24. Bxc8 {[%emt 0:00:46]} Raxc8 {[%emt 0:00:11]} 25. Ne7+ {[%emt 0:00:06]} Kh8 {[%emt 0:00:11]} 26. Nxc8 {[%emt 0:00:14]} Rxc8 {[%emt 0:00:02]} 27. Nd5 {[%emt 0:07:15]} Bb5 {[%emt 0:02:49]} 28. Rf3 {[%emt 0:04:52]} Qe6 {[%emt 0:00:50]} 29. Qe1 {[%emt 0:01:49]} Bc6 {[%emt 0:01:32]} 30. c4 {[%emt 0:04:11]} Qg4 {[%emt 0:01:53]} 31. Rf1 {[%emt 0:02:13]} Qh3 {[%emt 0:01:10]} 32. Ra3 {[%emt 0:01:24]} Qg4 {[%emt 0:00:15]} 33. Raf3 {[%emt 0:02:18]} Nxf6 {[%emt 0:02:20]} 34. Bd2 {[%emt 0:05:42]} Re8 {[%emt 0:01:35]} 35. Nxf6 {[%emt 0:01:10]} Bxf6 {[%emt 0:00:05]} 36. h3 {[%emt 0:01:49]} Qh5 {[%emt 0:02:04]} 37. Kh2 {[%emt 0:02:40]} Bh4 {[%emt 0:01:13]} 38. Qd1 {[%emt 0:01:56]} Bxe4 {[%emt 0:05:06]} 39. Re3 {[%emt 0:01:25]} Qf5 {[%emt 0:00:45]} 40. Bc3+ {[%emt 0:00:00]} Bf6 {[%emt 0:00:00]} 41. Qxd6 {[%emt 0:04:52]} Bxc3 {[%emt 0:04:56]} 42. bxc3 {[%emt 0:00:01]} Re6 {[%emt 0:00:13]} 43. Qd2 {[%emt 0:03:47]} g5 {[%emt 0:00:45]} 44. Qd8+ {[%emt 0:00:26]} Kg7 {[%emt 0:00:28]} 45. Qxg5+ {[%emt 0:00:10]} Kf7 {[%emt 0:00:15]} 46. Rfe1 {[%emt 0:01:47]} Bf3 {[%emt 0:02:27]} 47. Qxf5+ 1-0

[Event "EYCC Open-U14 2019"]
[Site "Bratislava"]
[Date "2019.08.10"]
[Round "9.45"]
[White "Bogdanovics, Kirills"]
[Black "Unneland, Mathias"]
[Result "0-1"]
[WhiteElo "1600"]
[BlackElo "1966"]
[Annotator "NA RC"]
[PlyCount "58"]
[EventDate "2019.08.02"]
[EventType "swiss"]
[EventCountry "SVK"]
[SourceTitle "playchess.com"]
[Source "ChessBase"]
[SourceQuality "1"]
[TimeControl "40/5400+30:1800+30"]

1. d4 {[%emt 0:00:00]} Nf6 {[%emt 0:00:00]} 2. c4 {[%emt 0:00:00]} g6 {[%emt 0:00:00]} 3. Nc3 {[%emt 0:00:00]} Bg7 {[%emt 0:00:00]} 4. e4 {[%emt 0:00:00]} d6 {[%emt 0:00:00]} 5. h3 {[%emt 0:00:00]} O-O {[%emt 0:00:09]} 6. Nf3 {[%emt 0:00:00]} e5 {[%emt 0:00:28]} 7. d5 {[%emt 0:00:00]} a5 {[%emt 0:01:36]} 8. g4 {[%emt 0:00:04]} h5 {[%emt 0:18:22]} 9. Nh2 {[%emt 0:12:09]} hxg4 {[%emt 0:02:25]} 10. hxg4 {[%emt 0:03:23]} Nh7 {[%emt 0:05:23]} 11. Be3 {[%emt 0:02:24]} Na6 {[%emt 0:05:02]} 12. Qd2 {[%emt 0:01:06]} Nc5 {[%emt 0:01:51]} 13. Be2 {[%emt 0:01:53]} Bf6 {[%emt 0:10:35]} 14. O-O-O {[%emt 0:01:10]} Bg5 {[%emt 0:00:28]} 15. Kb1 {[%emt 0:02:06]} Qf6 {[%emt 0:04:43]} 16. Rdf1 {[%emt 0:07:40]} Bf4 {[%emt 0:02:17]} 17. Nf3 {[%emt 0:03:51]} Bxg4 {[%emt 0:05:47]} 18. Rfg1 {[%emt 0:00:03]} Bxe3 {[%emt 0:02:50]} 19. fxe3 {[%emt 0:00:06]} Bxf3 {[%emt 0:00:22]} 20. Bxf3 {[%emt 0:00:01]} Kg7 {[%emt 0:02:21]} 21. Qg2 {[%emt 0:02:56]} Rh8 {[%emt 0:00:42]} 22. Rh5 {[%emt 0:01:32]} Rag8 {[%emt 0:01:22]} 23. Rf5 {[%emt 0:01:23]} Qe7 {[%emt 0:02:58]} 24. Bh5 {[%emt 0:00:18]} Nf8 {[%emt 0:00:16]} 25. Rgf1 {[%emt 0:01:26]} Rh6 {[%emt 0:01:54]} 26. Qf3 {[%emt 0:00:27]} gxf5 {[%emt 0:00:41]} 27. exf5 {[%emt 0:01:06]} Qg5 {[%emt 0:00:42]} 28. Bg4 {[%emt 0:01:05]} Kf6 {[%emt 0:00:43]} 29. Rg1 {[%emt 0:00:33]} Rh4 {[%emt 0:00:05]} 0-1

[Event "EYCC Open-U14 2019"]
[Site "Bratislava"]
[Date "2019.08.10"]
[Round "9.46"]
[White "Bansal, Saahil"]
[Black "Silva, Pedro Gil Ferreira D"]
[Result "0-1"]
[WhiteElo "1547"]
[BlackElo "2049"]
[Annotator "NA RC"]
[PlyCount "104"]
[EventDate "2019.08.02"]
[EventType "swiss"]
[EventCountry "SVK"]
[SourceTitle "playchess.com"]
[Source "ChessBase"]
[SourceQuality "1"]
[TimeControl "40/5400+30:1800+30"]

1. d4 {[%emt 0:00:00]} Nf6 {[%emt 0:00:00]} 2. c4 {[%emt 0:00:00]} e6 {[%emt 0:00:00]} 3. Nf3 {[%emt 0:00:00]} Bb4+ {[%emt 0:00:09]} 4. Nbd2 {[%emt 0:02:09]} O-O {[%emt 0:00:08]} 5. g3 {[%emt 0:00:51]} d5 {[%emt 0:06:00]} 6. Bg2 {[%emt 0:03:25]} dxc4 {[%emt 0:04:00]} 7. Qa4 {[%emt 0:57:14]} Nc6 {[%emt 0:05:08]} 8. O-O {[%emt 0:11:36]} Rb8 {[%emt 0:06:54]} 9. Ne5 {[%emt 0:04:03]} b5 {[%emt 0:36:49]} 10. Nxc6 {[%emt 0:01:48]} bxa4 {[%emt 0:00:31]} 11. Nxd8 {[%emt 0:01:12]} Rxd8 {[%emt 0:00:05]} 12. Nxc4 {[%emt 0:01:21]} Ba6 {[%emt 0:01:09]} 13. b3 {[%emt 0:07:45]} Bxc4 {[%emt 0:00:40]} 14. bxc4 {[%emt 0:00:59]} Bc3 {[%emt 0:00:07]} 15. Bf4 {[%emt 0:00:24]} Bxa1 {[%emt 0:00:15]} 16. Rxa1 {[%emt 0:00:25]} Rxd4 {[%emt 0:00:11]} 17. Bxc7 {[%emt 0:00:06]} Rc8 {[%emt 0:00:05]} 18. Rb1 {[%emt 0:00:34]} Rxc4 {[%emt 0:00:33]} 19. Bf4 {[%emt 0:01:00]} Nd5 {[%emt 0:00:21]} 20. Bxd5 {[%emt 0:00:22]} exd5 {[%emt 0:00:05]} 21. Rb7 {[%emt 0:00:09]} Rc2 {[%emt 0:00:29]} 22. Rxa7 {[%emt 0:00:12]} Rxa2 {[%emt 0:00:06]} 23. Ra5 {[%emt 0:00:10]} a3 {[%emt 0:00:23]} 24. Bd6 {[%emt 0:00:20]} Rxe2 {[%emt 0:00:17]} 25. Rxa3 {[%emt 0:00:08]} h6 {[%emt 0:00:11]} 26. Rd3 {[%emt 0:00:07]} Rcc2 {[%emt 0:00:21]} 27. Rxd5 {[%emt 0:00:15]} Rxf2 {[%emt 0:00:05]} 28. Bc5 {[%emt 0:00:07]} Rg2+ {[%emt 0:00:20]} 29. Kf1 {[%emt 0:00:09]} Rxh2 {[%emt 0:00:04]} 30. Kg1 {[%emt 0:00:21]} Rhg2+ {[%emt 0:00:18]} 31. Kf1 {[%emt 0:00:06]} Rxg3 {[%emt 0:00:05]} 32. Rd8+ {[%emt 0:00:04]} Kh7 {[%emt 0:00:04]} 33. Bd4 {[%emt 0:00:09]} Rd3 {[%emt 0:00:09]} 34. Bf6 {[%emt 0:00:13]} Rf3+ {[%emt 0:00:08]} 35. Ke1 {[%emt 0:00:05]} Rxf6 {[%emt 0:00:04]} 36. Rd1 {[%emt 0:00:10]} Rfc6 {[%emt 0:00:11]} 37. Rd3 {[%emt 0:00:13]} Rc1+ {[%emt 0:00:06]} 38. Kd2 {[%emt 0:00:06]} R6c2+ {[%emt 0:00:03]} 39. Ke3 {[%emt 0:00:05]} Rc3 {[%emt 0:00:05]} 40. Rxc3 {[%emt 0:00:00]} Rxc3+ {[%emt 0:00:00]} 41. Kf4 {[%emt 0:00:10]} g5+ {[%emt 0:00:14]} 42. Kg4 {[%emt 0:00:04]} Rc4+ {[%emt 0:00:13]} 43. Kg3 {[%emt 0:00:12]} f5 {[%emt 0:00:04]} 44. Kf3 {[%emt 0:00:04]} Rc3+ {[%emt 0:00:06]} 45. Ke2 {[%emt 0:00:04]} g4 {[%emt 0:00:07]} 46. Kf2 {[%emt 0:00:02]} f4 {[%emt 0:00:04]} 47. Kf1 {[%emt 0:00:06]} Rc2 {[%emt 0:00:04]} 48. Ke1 {[%emt 0:00:06]} f3 {[%emt 0:00:03]} 49. Kd1 {[%emt 0:00:05]} Re2 {[%emt 0:00:05]} 50. Kc1 {[%emt 0:00:02]} g3 {[%emt 0:00:04]} 51. Kd1 {[%emt 0:00:03]} g2 {[%emt 0:00:05]} 52. Kc1 {[%emt 0:00:08]} g1=Q# {[%emt 0:00:05]} 0-1

[Event "EYCC Open-U14 2019"]
[Site "Bratislava"]
[Date "2019.08.10"]
[Round "9.47"]
[White "Schouten, Mathias Lind"]
[Black "Weissenhofer, Jonas"]
[Result "1-0"]
[WhiteElo "1961"]
[BlackElo "1692"]
[Annotator "NA RC"]
[PlyCount "85"]
[EventDate "2019.08.02"]
[EventType "swiss"]
[EventCountry "SVK"]
[SourceTitle "playchess.com"]
[Source "ChessBase"]
[SourceQuality "1"]
[TimeControl "40/5400+30:1800+30"]

1. e4 {[%emt 0:00:00]} c5 {[%emt 0:00:00]} 2. Nf3 {[%emt 0:00:00]} d6 {[%emt 0:00:00]} 3. d4 {[%emt 0:00:00]} cxd4 {[%emt 0:00:00]} 4. Nxd4 {[%emt 0:00:00]} Nf6 {[%emt 0:00:00]} 5. Nc3 {[%emt 0:00:00]} a6 {[%emt 0:00:04]} 6. h3 {[%emt 0:00:00]} e6 {[%emt 0:04:00]} 7. g4 {[%emt 0:00:00]} Be7 {[%emt 0:03:03]} 8. Bg2 {[%emt 0:03:08]} Nc6 {[%emt 0:05:17]} 9. Nxc6 {[%emt 0:06:31]} bxc6 {[%emt 0:00:33]} 10. e5 {[%emt 0:01:59]} Nd5 {[%emt 0:01:18]} 11. exd6 {[%emt 0:02:06]} Bxd6 {[%emt 0:06:33]} 12. Ne4 {[%emt 0:03:49]} Be7 {[%emt 0:02:14]} 13. c4 {[%emt 0:05:42]} Nb6 {[%emt 0:03:38]} 14. Qxd8+ {[%emt 0:00:08]} Bxd8 {[%emt 0:03:11]} 15. b3 {[%emt 0:04:58]} Be7 {[%emt 0:11:09]} 16. Be3 {[%emt 0:03:29]} Nd7 {[%emt 0:03:06]} 17. Rd1 {[%emt 0:03:55]} Bb7 {[%emt 0:10:27]} 18. Ke2 {[%emt 0:18:03]} Rc8 {[%emt 0:02:15]} 19. f4 {[%emt 0:07:59]} h6 {[%emt 0:05:29]} 20. Nd6+ {[%emt 0:05:42]} Bxd6 {[%emt 0:00:56]} 21. Rxd6 {[%emt 0:00:03]} Ke7 {[%emt 0:00:20]} 22. Rhd1 {[%emt 0:00:05]} Rhd8 {[%emt 0:00:12]} 23. Bf2 {[%emt 0:08:19]} g5 {[%emt 0:04:51]} 24. Be1 {[%emt 0:11:27]} Nc5 {[%emt 0:03:53]} 25. Rxd8 {[%emt 0:02:55]} Rxd8 {[%emt 0:00:19]} 26. Bb4 {[%emt 0:01:21]} Rxd1 {[%emt 0:00:13]} 27. Kxd1 {[%emt 0:00:03]} Kd6 {[%emt 0:00:19]} 28. fxg5 {[%emt 0:01:47]} hxg5 {[%emt 0:00:09]} 29. Ke2 {[%emt 0:01:06]} f5 {[%emt 0:01:09]} 30. gxf5 {[%emt 0:00:03]} exf5 {[%emt 0:00:06]} 31. Ke3 {[%emt 0:00:02]} a5 {[%emt 0:00:25]} 32. Ba3 {[%emt 0:00:13]} a4 {[%emt 0:00:20]} 33. Kd4 {[%emt 0:00:08]} axb3 {[%emt 0:00:10]} 34. Bxc5+ {[%emt 0:00:05]} Ke6 {[%emt 0:00:10]} 35. axb3 {[%emt 0:00:03]} g4 {[%emt 0:00:21]} 36. h4 {[%emt 0:01:44]} f4 {[%emt 0:00:16]} 37. Ke4 {[%emt 0:00:26]} f3 {[%emt 0:00:07]} 38. Bf1 {[%emt 0:00:11]} Bc8 {[%emt 0:00:17]} 39. Kf4 {[%emt 0:00:21]} Kf6 {[%emt 0:00:10]} 40. Bd4+ {[%emt 0:00:00]} Kg6 {[%emt 0:00:00]} 41. Bd3+ {[%emt 0:01:32]} Kh5 {[%emt 0:00:28]} 42. Bf2 {[%emt 0:00:04]} Be6 {[%emt 0:00:18]} 43. Ke4 1-0

[Event "EYCC Open-U14 2019"]
[Site "Bratislava"]
[Date "2019.08.10"]
[Round "9.48"]
[White "Grec, Jan Alexander"]
[Black "Pozzari, Simone"]
[Result "0-1"]
[WhiteElo "1747"]
[BlackElo "2179"]
[Annotator "TA"]
[PlyCount "52"]
[EventDate "2019.08.02"]
[EventType "swiss"]
[EventCountry "SVK"]
[SourceTitle "playchess.com"]
[Source "ChessBase"]
[SourceQuality "1"]

{[%evp 15,52,16,8,11,29,28,29,0,38,35,34,37,51,21,28,0,92,43,72,-52,-67,-205,-206,-202,-181,-200,-121,-125,-137,-143,-132,-345,-320,-985,-971,-1090,-684,-29997,-640]} 1. c4 Nf6 2. Nc3 g6 3. g3 Bg7 4. Bg2 O-O 5. d3 d6 6. Nf3 c6 7. a3 Nbd7 8. O-O e5 9. Rb1 {A16: English Opening: 1...Nf6 with ...d5} Nh5 $146 ({Predecessor:} 9... Rb8 10. b4 d5 11. b5 d4 12. bxc6 bxc6 13. Rxb8 Nxb8 14. Nb1 Qb6 15. Nbd2 Nbd7 16. Qb3 Qc7 {1-0 (67) Bereczki,I (2136)-Kulcsar,T (2130) Hungary 2009}) 10. b4 f5 11. Ng5 {White has an edge.} Ndf6 12. b5 Bd7 13. bxc6 bxc6 14. c5 d5 15. e4 h6 (15... fxe4 $11 {remains equal.} 16. dxe4 d4) 16. exd5 (16. Nf3 {is more complex.} Re8 17. exd5 cxd5 18. d4 exd4 19. Nxd4 Rc8 20. c6) 16... cxd5 17. Nxd5 (17. Nf3 $16 Qc7 18. d4 exd4 19. Qxd4) 17... hxg5 $15 18. Nxf6+ (18. Bxg5 $15 Rc8 19. d4 exd4 20. Rb7) 18... Qxf6 $19 ({Inferior is} 18... Bxf6 19. Qb3+ Kg7 20. c6 $14) 19. Bxa8 Rxa8 20. Re1 Bc6 21. Qb3+ Kh7 22. Bb2 Re8 {[#] ...Nf4! is the strong threat.} 23. Bc3 $2 (23. d4 $1 $17 {[%mdl 512] was forced.}) 23... Qd8 24. Qc2 $2 (24. Qc4) 24... Qd5 {[%csl Gc6][%cal Rd5h1]} 25. Kf1 Bh6 {White must now prevent ...Qg2+.} 26. Bd2 Qg2+ 0-1